000 00512nam a2200169 i 4500
001 89302
003 ES-MaACL
005 20230906180136.0
007 t|
008 050110s1919 ec ||||1| spa d
100 1 _aLarrea, Carlos M.
_970331
245 1 0 _aNota acerca de dos objetos arqueológicos de oro hallados en Imbabura /
_c[Carlos M. Larrea].
260 _aQuito :
_b[s.n.],
_c1919.
651 _aEcuador-
_xRestos arqueológicos.
_9173336
852 _aES-MaACL
_j1602-F-7
852 _aES-MaACL
_j1586-F-12
999 _c89302
_d89302